000
00196nam a2200097Ia 4500
008
240331s9999 xx 000 0 und d
082
_b
VEL
100
_a
Rengarajah. ed
245
0
_a
Veli
942
_c
L
999
_c
3726
_d
3726